| 000 | 00724nam a2200241 a 4500 | ||
|---|---|---|---|
| 001 | 57768 | ||
| 003 | BD-RjUL | ||
| 005 | 20211209080541.0 | ||
| 008 | 961107s1996 ii a b 001 0 eng | ||
| 020 | _a8170032091 | ||
| 035 | _a(BD-RjUL)57892 | ||
| 040 |
_aDLC _cDLC _dBD-RjUL _beng |
||
| 041 | _aeng | ||
| 082 |
_223 _a304.60954 _bNIP 1996 |
||
| 100 | 1 |
_aNirmala Devi, T. _9171566 |
|
| 245 | 1 | 0 |
_aPopulation and development in SAARC / _cT. Nirmala Devi. |
| 260 |
_aNew Delhi : _bSouth Asian Publishers, _cc1996. |
||
| 300 |
_a140 p. : _bill. ; _c22 cm. |
||
| 504 | _aIncludes bibliographical references and index. | ||
| 650 | 0 |
_aPopulation _zSouth Asia. _9171567 |
|
| 650 | 0 |
_aRegional planning _9171266 |
|
| 942 |
_2ddc _cBK |
||
| 999 |
_c57768 _d57768 |
||